书目信息 |
| 题名: |
坦桑尼亚史
|
|
| 作者: | 伊·基曼博 , 阿·特穆 主编 ;钟丘 译 | |
| 分册: | 上册 | |
| 出版信息: | 北京 商务印书馆 1973 |
|
| 页数: | 236页 | |
| 开本: | 21cm | |
| 丛书名: | ||
| 单 册: | ||
| 中图分类: | K425 | |
| 科图分类: | ||
| 主题词: | 历史--坦桑尼亚 | |
| 电子资源: | ||
| ISBN: | ||
| 000 | 00730nam0 2200241 45 | |
| 001 | 0176001475 | |
| 005 | 20061115170703.95 | |
| 010 | @dCNY1.65(二册) | |
| 100 | @a19951017d1973 em y0chiy0121 ea | |
| 101 | 1 | @achi |
| 102 | @aCN@b110000 | |
| 105 | @ay z 000yy | |
| 200 | 10 | @a坦桑尼亚史@h上册@Atan sang ni ya shi@f(坦桑尼亚)伊·基曼博,阿·特穆主编@F(tan sang ni ya)yi·ji man bo,a·te mu zhu bian@g钟丘译 |
| 210 | @a北京@c商务印书馆@d1973 | |
| 215 | @a236页@d21cm | |
| 606 | @a历史@y坦桑尼亚 | |
| 607 | @a坦桑尼亚@x历史 | |
| 690 | @aK425@v3 | |
| 701 | 0 | @a伊·基曼博@Ayi·ji man bo@4主编 |
| 701 | 0 | @a阿·特穆@Aa·te mu@4主编 |
| 702 | 0 | @a钟丘@Azhong qiu@4译 |
| 801 | 0 | @aCN@bTSSF@c20061115 |
| 905 | @a10447@dK425@e2:1 | |
| 坦桑尼亚史.上册/(坦桑尼亚)伊·基曼博,阿·特穆主编/钟丘译.-北京:商务印书馆,1973 |
| 236页;21cm |
| ISBN :CNY1.65(二册) |
| ● |
| 相关链接 |
|
|
|
|
正题名:坦桑尼亚史
索取号:K425/2:1
 
预约/预借
| 序号 | 登录号 | 条形码 | 馆藏地/架位号 | 状态 | 备注 |
| 1 | 0218859 | 001392488 | 第二样本阅览室/ [索取号:K425/2:1] | 在馆 |